000
00479nam a2200169Ia 4500
008
090711s9999 xx 000 0 und d
082
_b
45378
100
_a
साळगांवकर शशिकला
245
_a
काटशह
260
_c
1982
300
_a
152
600
_a
साळगांवकर शशिकला
630
_a
काटशह
700
_a
साळगांवकर शशिकला
730
_a
काटशह
942
_c
BOOK
999
_c
297798
_d
297798